| 000 | 01720 a2200277 4500 | ||
|---|---|---|---|
| 003 | Nust | ||
| 005 | 20221117161606.0 | ||
| 010 | _a 2005296336 | ||
| 020 | _a0750666196 (pbk.) | ||
| 035 | _a(OCoLC)ocm62224047 | ||
| 040 | _cNust | ||
| 082 | 0 | 4 | _a621.31924,SCA |
| 100 | 1 |
_aScaddan, Brian. _9102951 |
|
| 245 | 1 | 0 |
_aElectrical installation work / _cBrian Scaddan. |
| 250 | _a5th ed. | ||
| 260 |
_aAmsterdam ; _aBoston : _bElsevier/Newnes, _c2005. |
||
| 300 |
_ax, 418 p. : _bill. ; _c25 cm. |
||
| 505 | _aBasic information and calculations(Page-1), Electricity (Page-17), Resistance, current and voltage, power and energy (Page-33), Electromagnetism (Page-59), Capacitors and capacitance (Page-95), Resistance, inductance and capacitance in installation work (Page-105),Three-phase circuits (Page-121), Motors (Page-129), Cells and batteries (Page-167), Lighting and illumination (Page-179), Electricity, the environment and the community (Page-201), Health and safety (Page-211), The electrical contracting industry (Page-239), Installation materials and tools (Page-253), Installation circuits and systems (Page-285), Earthing (Page-329), Protection and control (Page-349), Circuits and design (Page-373), Testing (Page-393), Basic electronics technology (Page-431). | ||
| 650 | 0 |
_aElectric apparatus and appliances _xInstallation. _9102952 |
|
| 650 | 0 |
_aElectric power systems. _918375 |
|
| 650 | 0 | _aElectrical engineering | |
| 650 | 0 |
_aElectrical engineering. _9102953 |
|
| 856 | 4 | 2 |
_3Publisher description _uhttp://www.loc.gov/catdir/enhancements/fy0627/2005296336-d.html |
| 856 | 4 | 2 |
_3Table of contents only _uhttp://www.loc.gov/catdir/enhancements/fy0627/2005296336-t.html |
| 942 |
_2ddc _cBK |
||
| 999 |
_c189397 _d189397 |
||